गोदान/ (Record no. 205848)

MARC details
000 -LEADER
fixed length control field 00730nam a22001937a 4500
005 - DATE AND TIME OF LATEST TRANSACTION
control field 20240923110217.0
010 ## - LCCN (DPL NO)
LC control number HIN-128445
020 ## - INTERNATIONAL STANDARD BOOK NUMBER
International Standard Book Number 9789390594061
Terms of availability 250.00
035 ## - SYSTEM CONTROL NUMBER
System control number HN-100791
037 ## - SOURCE OF ACQUISITION
Source of stock number/acquisition DBAD
082 ## - DEWEY DECIMAL CLASSIFICATION NUMBER
Classification number
100 ## - MAIN ENTRY--PERSONAL NAME
Personal name प्रेमचंद
245 ## - TITLE STATEMENT
Title गोदान/
Statement of responsibility, etc प्रेमचंद
260 ## - PUBLICATION, DISTRIBUTION, ETC. (IMPRINT)
Place of publication, distribution, etc दिल्ली
Name of publisher, distributor, etc Empty Canvas Publishers
Date of publication, distribution, etc 2021
270 ## - ADDRESS
Address 4435-36/7 प्रथम तल, अंसारी रोड दरियागंज
City दिल्ली
Postal code 110002
Electronic mail address contact@emptycanvaspublishers.com
300 ## - PHYSICAL DESCRIPTION
Extent 396 पृ.
Dimensions 22 सेमी (अजिल्द)
650 ## - SUBJECT ADDED ENTRY--TOPICAL TERM
Topical term or geographic name as entry element हिन्दी
942 ## - ADDED ENTRY ELEMENTS (KOHA)
Institution code [OBSOLETE] DPL
Item type Hindi Books
Source of classification or shelving scheme Dewey Decimal Classification
Classification part
Call number suffix प्रेमचं
Holdings
Withdrawn status Lost status Not for loan Collection code Home library Current library Date acquired Source of acquisition Cost, normal purchase price Full call number Barcode Copy number Cost, replacement price Koha item type
      Fiction Shahdara Branch Shahdara Branch 23/09/2024 DBAD 250.00 उ प्रेमचं HN-100791 1 250.00 Hindi Books

© Delhi Public Library
Hit Counter
free hit counter